00961cam a2200265 a 4500999001300000001000600013003000900019005001700028008004100045020001500086020002200101040003300123082002000156100001800176245007300194260005900267300004800326500002000374538008700394650003300481650002200514650002900536942001200565952011800577 c381d38113492BD-DhUAP20200121160111.0981013s1999 nyua 001 0 eng  a0071341951 a0071341927 (soft) aDLCcDLCdDLCdWaUdBD-DhUAP00a004.165 PRE2231 aPredko, Myke.10aProgramming and customizing the 8051 microcontroller /cMyke Predko. aNew York :bTata McGraw-Hill,cc1999 [Reprinted 2008]. axvii, 541 pages :billustrations ;c25 cm.  aIncludes index. aSystem requirements for computer laser optical disc: PC with Windows or Macintosh. 0aIntel 8051 (Microcontroller) 0aMicrocontrollers. 0aDigital control systems. 2ddccBK 00102ddc4070aUAPCLbUAPCLcGeneral Stacksd2020-01-21o004.165 PREp3010013492r2020-01-21t1w2020-01-21yBK